Trudne pytania z wiedzy ogólnej! - Statystyki

Ogólne statystyki
  • Ten quiz został rozwiązany 107 razy
  • Średni wynik to 11 z 20
Statystyki odpowiedzi
Pytanie: Odpowiedź: % Poprawnych
Ile maksymalnie kroków można zrobić bez kozłowania piłki? 3
93%
Ile wyścigów F1 wygrał Robert Kubica? 1
89%
Grenlandia należy do? Danii
86%
Aleją gwiazd można się przejść w jakim kraju? USA
84%
Jezus urodził się w Betlejem
79%
Rzeka Indus płynie przez? Chiny, Indie, Pakistan
79%
Ocean na którym najczęściej występuje tsunami to Ocean spokojny
73%
Państwo na literę V Vanuatu
69%
Wzór sumaryczny chlorku sodu to? NaCl
63%
Jedna z trzech firm mająca siedzibę w dolinie krzemowej Apple Facebook Google
53%
Najbardziej zabójczą chorobą w historii ludzkości była Grypa Hiszpanka
51%
Najlepszy uniwersytet na świecie znajduje się w? (miasto) Oxfordzie
51%
Liczba π jest liczbą Rzeczywistą niewymierną
40%
Miasto Yorkshire znajduje się w Anglii
37%
Twórcą wielu postaci z uniwersum Marvela był Stan Lee
32%
Rok rozpoczęcia wojny secesyjnej 1861
27%
Czarny czwartek to inaczej Krach na giełdzie
27%
Jaki utwór jest symbolem zmian ustrojowych w Europie Wind of change
19%
Skutek czarnego czwartku Światowy kryzys ekonomiczny
10%
Rok uzyskania niepodległości Monako 1633
2%
Nie znaleziono quizów pasujących do podanych kryteriów
Rozkład punktacji
Procent ludzi z każdym wynikiem
Percentyl według liczby udzielonych odpowiedzi
Twoja historia wyników
Nie rozwiązałeś tego quizu